[Event "Havana Province-ch sf"]
[Site "Havana"]
[Date "2018.10.18"]
[Round "4"]
[White "Reyes Oquendo, Samuel Moises"]
[Black "Interian Rodriguez, Alberto de Dios"]
[Result "0-1"]
[WhiteElo "1780"]
[BlackElo "2081"]
[PlyCount "81"]
[EventDate "2018.10.12"]
[EventType "swiss"]
[EventRounds "5"]
[EventCountry "CUB"]
[SourceTitle "EXT 2021"]
[Source "ChessBase"]
[SourceDate "2020.10.23"]
[SourceVersion "1"]
[SourceVersionDate "2020.10.23"]
[SourceQuality "1"]

1. e4 c5 2. Nf3 d6 3. Bb5+ Nd7 4. a4 a6 5. Bc4 Ngf6 6. Nc3 e6 7. 0-0 Be7 8. d4 cxd4 9. Nxd4 0-0 10. Be3 Nc5 11. f3 Qc7 12. Qe2 b6 13. b4 Ncd7 14. b5 Ne5 15. Nc6 Nxc6 16. bxc6 Qxc6 17. Rab1 d5 18. Rxb6 Qxc4 19. Qxc4 dxc4 20. Rfb1 Bd7 21. Rb7 Bd6 22. f4 Bc8 23. R7b6 Bc7 24. Rc6 Ba5 25. Rxc4 Bxc3 26. Rxc3 Nxe4 27. Rd3 Nf6 28. h3 Bd7 29. a5 Bb5 30. Rdb3 Rac8 31. c3 Nd5 32. Bd4 Nxf4 33. Kf2 e5 34. Bb6 Nd5 35. Rxb5 axb5 36. Rxb5 Nxb6 37. axb6 Rxc3 38. b7 Rb8 39. Rxe5 f6 40. Rb5 Rxb7 41. Rf5 0-1

[Event "Maria Teresa Mora Memorial op"]
[Site "Havana"]
[Date "2018.03.08"]
[Round "1"]
[White "Gutierrez Espinosa, Karen"]
[Black "Reyes Oquendo, Samuel Moises"]
[Result "1-0"]
[WhiteElo "2024"]
[BlackElo "1808"]
[PlyCount "41"]
[EventDate "2018.03.08"]
[EventType "swiss"]
[EventRounds "9"]
[EventCountry "CUB"]
[SourceTitle "EXT 2021"]
[Source "ChessBase"]
[SourceDate "2020.10.23"]
[SourceVersion "1"]
[SourceVersionDate "2020.10.23"]
[SourceQuality "1"]

1. e4 e6 2. d4 d5 3. Nd2 c5 4. exd5 Qxd5 5. dxc5 Bxc5 6. Ngf3 Ne7 7. Bc4 Qd6 8. Qe2 Bb6 9. Ne4 Qc7 10. 0-0 Nbc6 11. Rd1 Nf5 12. c3 0-0 13. b3 Bd7 14. Ba3 Rfd8 15. Nd6 Na5 16. Nxf5 exf5 17. Bd6 Qc8 18. Bxf7+ Kxf7 19. Qe7+ Kg8 20. Be5 Bxf2+ 21. Kh1 1-0

[Event "Maria Teresa Mora Memorial op"]
[Site "Havana"]
[Date "2018.??.??"]
[Round "4"]
[White "Martinez Mesa, Chaneli"]
[Black "Reyes Oquendo, Samuel Moises"]
[Result "1-0"]
[WhiteElo "1879"]
[BlackElo "1808"]
[PlyCount "63"]
[EventDate "2018.03.08"]
[EventType "swiss"]
[EventRounds "9"]
[EventCountry "CUB"]
[SourceTitle "EXT 2021"]
[Source "ChessBase"]
[SourceDate "2020.10.23"]
[SourceVersion "1"]
[SourceVersionDate "2020.10.23"]
[SourceQuality "1"]

1. d4 d5 2. Nf3 c5 3. e3 Nf6 4. c3 Nc6 5. Bd3 Bg4 6. Nbd2 e6 7. h3 Bh5 8. 0-0 Bd6 9. dxc5 Bxc5 10. b4 Bd6 11. Qa4 0-0 12. b5 Ne5 13. Nxe5 Bxe5 14. Bb2 Qb6 15. Rab1 Rfd8 16. Rfe1 Rac8 17. Rec1 Bg6 18. Bxg6 hxg6 19. Nf3 Bd6 20. c4 dxc4 21. Rxc4 Rxc4 22. Qxc4 Qc5 23. Qa4 Rc8 24. Rd1 Bb8 25. Bd4 Qc1 26. g3 Qc7 27. Bxa7 Bxa7 28. Qxa7 Qc2 29. Rf1 Rc7 30. Qb8+ Rc8 31. Qxb7 Ne4 32. Nd4 1-0